| 000 | 00567nam a2200205Ia 4500 | ||
|---|---|---|---|
| 003 | GCL | ||
| 008 | 140319s9999 xx 000 0 eng d | ||
| 040 |
_aGCL / _cGCL |
||
| 082 | 0 | 4 |
_a005.3 _bL D |
| 100 | 1 | _aLAURENT, LEOPOLD | |
| 245 | 1 | 0 |
_aDEVENIR CHAMPION DE PROGRAMMATION STRUCTUREE EN QBASIC EY QUICK BASIC / _cLAURENT, LEOPOLD |
| 260 |
_a[S.N] : _bMARABOUT UNIVERSITE ، _c1993 |
||
| 300 | _a604 P | ||
| 490 |
_aMARABOUT _v0 |
||
| 650 | 0 | 4 | _aCOMPUTER SOFTWARE |
| 650 | 0 | 4 | _aCOMPUTER PROGRM |
| 650 | 0 | 4 | _aQ BASIC |
| 650 | 0 | 4 | _aQUICK BASIC |
| 942 |
_2ddc _cBK |
||
| 999 |
_c22611 _d22611 |
||